00389nam a2200121 i 4500001000300000100001900003245006900022260002100091040000800112041000800120008004100128856009800169bg1 aLEŚ, Barbara 0aReligijność społeczeństw przemysłowych /cBarbara Leś. aWarszawa,c1977. cBPK apol s pl f |000 0 pol  uhttp://koha.tu.koszalin.pl/cgi-bin/koha/opac-detail.pl?biblionumber=27049yKatalog online BPK